[Event "10th Mumbai Mayors Cup 2017"]
[Site "Mumbai"]
[Date "2017.06.08"]
[Round "7"]
[White "Mollah, Abdullah Al Rakib"]
[Black "Babujian, Levon"]
[Result "1/2-1/2"]
[WhiteElo "2484"]
[BlackElo "2438"]
[Annotator "TA"]
[PlyCount "81"]
[EventDate "2017.06.04"]
[EventType "swiss"]
[EventCountry "IND"]
[SourceTitle "playchess.com"]
[Source "ChessBase"]
[SourceQuality "1"]

{[%evp 14,81,56,57,25,-14,-25,-19,-22,-16,-12,-11,-18,-20,-6,-3,0,0,0,0,27,33,43,30,72,88,69,74,117,122,227,202,298,299,309,316,305,66,64,52,75,44,80,80,73,0,0,0,62,0,113,0,125,0,23,22,23,23,23,-1032,2163,-1345,2838,-1273,29985,-1300,458,-710,-681,-1592]} 1. d4 Nf6 2. c4 e6 3. Nf3 c5 4. d5 b5 5. e4 Nxe4 6. Bd3 {E10: Blumenfeld Gambit} Nf6 7. O-O (7. Nc3 bxc4 8. Bxc4 Ba6 9. Bxa6 Nxa6 10. O-O Nb4 11. Bg5 h6 12. Bxf6 Qxf6 13. Re1 {1-0 (39) Tari,A (2571)-Antipov,M (2584) Izmir 2016}) 7... Be7 8. Nc3 {LiveBook: 5 Games. White is slightly better.} O-O 9. d6 $146 ({Predecessor:} 9. Re1 b4 10. Ne2 exd5 11. cxd5 d6 12. Ng3 Re8 13. Nf5 Bxf5 14. Bxf5 {0-1 (32) Turqueza,M (2243)-Tran,T (2455) Ho Chi Minh City 2015}) 9... Bxd6 {[#]} 10. Bxh7+ $1 {[%mdl 512]} Nxh7 11. Qxd6 bxc4 12. Ne5 Bb7 13. Be3 Nc6 {next ...Nxe5 is good for Black.} 14. Bxc5 Nxe5 15. Qxe5 Re8 16. Nb5 $1 f6 (16... Qf6 {keeps more tension.} 17. Qg3 Rec8 18. Be3 Nf8 19. Nd6 Rcb8) 17. Qe3 $36 {[%mdl 2048] White fights for an advantage.} d5 18. Nd6 Qd7 19. Nxe8 Rxe8 20. f4 e5 {...d4 would now be nice for Black.} 21. Rae1 $1 Bc6 (21... e4 $16) 22. fxe5 $18 fxe5 (22... Rxe5 {was called for.} 23. Qg3 Qe8 24. Rxe5 (24. Bxa7 Ng5 $18) 24... Qxe5 25. Qxe5 fxe5) 23. Qg3 e4 24. Bd4 Nf8 25. Qe3 $2 (25. Rf5 $1 $18) 25... Ne6 $14 26. Rd1 a5 27. Rf2 a4 28. a3 Qe7 29. Bc3 ({White should play} 29. Bb6 $16) 29... Qc5 $11 30. Bd4 (30. Re2 $11) 30... Qe7 $14 31. Bc3 (31. Bb6 $14) 31... Rd8 {[#]} (31... Qc5 $11 {remains equal.} 32. Qxc5 Nxc5) 32. Bd4 ({White should try} 32. Rf5 $1 $16) 32... Be8 (32... Re8 $1 $11 {keeps the balance.}) 33. Bc3 ({Better is} 33. Rf5 $16) 33... Bh5 34. Rdd2 {aiming for Rf5.} Bg6 35. Bd4 Rd7 36. Qf4 $2 {[%mdl 8192]} (36. Rf1 $11) 36... Qh4 $4 {[%mdl 8192]} (36... Nxf4 $19 37. Rxf4 Rb7) 37. Be3 $4 {[%mdl 8192]} (37. Qxh4 $18 Bf7 38. Qh3) 37... Bf7 $4 {[%mdl 8192]} ({Not} 37... Qxf4 38. Bxf4 Nc5 39. Rc2 $17) (37... Nxf4 $19 38. Bxf4 d4) 38. Rf1 $4 {[%mdl 8192]} (38. Qxh4 $18 Nc7 39. Qf4) 38... Kh7 $4 {[%mdl 8192]} ({Less strong is} 38... Qxf4 39. Bxf4 Nc5 40. Be3 $11) (38... Nxf4 $19 39. Bxf4 d4) 39. h3 $4 {[%mdl 8192]} (39. Qxh4+ {is the narrow road to win.} Kg8 40. Rdf2 Nf8 41. Qg4 Rc7 42. Bd4 Ng6 {[#]} 43. Rxf7 $1 {[%mdl 512]} Rxf7 44. Qxg6) 39... Qxh3 $4 {[%mdl 8192]} ({Weaker is} 39... Qxf4 40. Bxf4 d4 41. Be3 $11) (39... Nxf4 $19 40. Bxf4 d4) 40. Qe5 $4 {[%mdl 8192]} (40. gxh3 $18 Nxf4 41. Rxf4) 40... Qxe3+ $19 41. Kh2 {[%mdl 32768] Precision: White = 35%, Black = 30%. . An unexpected result.} 1/2-1/2

[Event "10th Mumbai Mayors Cup 2017"]
[Site "Mumbai"]
[Date "2017.06.08"]
[Round "7"]
[White "Hossain, Enamul"]
[Black "Ghosh, Diptayan"]
[Result "1/2-1/2"]
[WhiteElo "2464"]
[BlackElo "2569"]
[Annotator "TA"]
[PlyCount "26"]
[EventDate "2017.06.04"]
[EventType "swiss"]
[EventCountry "IND"]
[SourceTitle "playchess.com"]
[Source "ChessBase"]
[SourceQuality "1"]

{[%evp 11,26,0,0,0,11,7,17,22,13,18,33,-17,25,29,3,0,8]} 1. e4 {[%cal Be2e4,Be4e5][%mdl 32]} e6 2. d4 d5 3. e5 c5 4. c3 Nc6 5. Nf3 Qb6 6. a3 f6 {LiveBook: 115 Games} 7. Be2 {C02: French: Advance Variation} (7. b4 c4 8. Bf4 Nge7 9. h4 fxe5 10. dxe5 a5 11. Nbd2 axb4 12. axb4 Rxa1 13. Qxa1 Ng6 14. Bg3 Qc7 15. b5 Ncxe5 16. Nxe5 Nxe5 {0-1 (41) Shirov,A (2685)-Bluebaum,M (2605) Karlsruhe 2016}) 7... fxe5 8. dxe5 Nh6 9. c4 $146 ({Predecessor:} 9. O-O Nf7 10. Kh1 Ncxe5 11. Nxe5 Nxe5 12. Bh5+ g6 13. Re1 Bg7 14. f4 Nf7 {0-1 (60) Bastian,M (2239)-Schork,S (2090) Gau Algesheim 2011}) 9... d4 10. O-O Nf7 11. Bd3 (11. b4 $5) 11... Bd7 12. Re1 O-O-O 13. Nbd2 (13. b4 $5) 13... g5 1/2-1/2

[Event "10th Mumbai Mayors Cup 2017"]
[Site "Mumbai"]
[Date "2017.06.08"]
[Round "7"]
[White "Neelotpal, Das"]
[Black "Rahman, Ziaur"]
[Result "1-0"]
[WhiteElo "2438"]
[BlackElo "2526"]
[Annotator "TA"]
[PlyCount "85"]
[EventDate "2017.06.04"]
[EventType "swiss"]
[EventCountry "IND"]
[SourceTitle "playchess.com"]
[Source "ChessBase"]
[SourceQuality "1"]

{[%evp 14,85,51,51,68,63,69,56,56,59,58,55,60,58,55,58,65,72,88,76,64,79,75,60,81,75,79,84,80,70,118,83,82,97,91,85,96,96,172,168,163,163,270,248,231,177,480,484,473,446,689,656,2848,2793,6020,4755,1846,1099,1387,1321,1085,1063,1060,826,740,711,1476,695,12838,12837,12836,29975,12834,12825]} 1. d4 e6 2. Nf3 c5 3. c4 cxd4 4. Nxd4 a6 5. Nc3 Qc7 6. e4 Nf6 7. a3 Nc6 8. Be3 Nxd4 {B41: Sicilian: Kan Variation: 5 c4} (8... Ne5 9. f3 Be7 10. Rc1 O-O 11. Be2 Ng6 12. Qd2 b6 13. b4 Bb7 14. Na4 Rfb8 15. c5 bxc5 16. Nxc5 Qd8 {½-½ (54) Dominguez Perez,L (2734)-Svidler,P (2747) St Petersburg 2012}) 9. Bxd4 d6 10. Bd3 $146 ({Predecessor:} 10. Be2 Be7 11. O-O O-O 12. Rc1 b6 13. b4 Bb7 14. f3 Rfd8 15. Qe1 Rab8 16. Qf2 {1-0 (56) Kantans,T (2458)-Van Foreest,J (2461) Vaujany 2014}) 10... Be7 {White is slightly better.} 11. O-O O-O 12. Rc1 b6 13. Qf3 Nd7 14. Rfd1 Bb7 15. Qg3 {[%csl Gd4][%cal Rg3g7] [#]} g6 16. h4 {[%cal Bh2h4,Bh4h5,Bh5h6][%mdl 32]} Bf6 17. Bxf6 Nxf6 18. Qf4 $40 {[%mdl 128] White mounts an attack.} Nh5 19. Qe3 Rab8 20. Be2 {[#] Black must now prevent Bxh5.} Ng7 21. h5 Rfd8 22. h6 Ne8 23. b4 Ba8 24. Rd2 Qe7 25. Rcd1 Rdc8 (25... e5 $16 {was called for.}) 26. e5 $18 dxe5 27. Qxe5 Qc7 (27... Qf6 $142 28. Qe3 Bc6) 28. Qg5 Bc6 29. a4 {[%cal Ba3a4,Ba4b5][%mdl 32]} Qa7 $2 (29... a5 {is a better chance.}) 30. b5 axb5 31. axb5 Qa5 (31... Qa3 $142 32. Nb1 Qc5 33. Qxc5 bxc5 34. bxc6 Rxc6) 32. Qe5 Bd5 33. Nxd5 {Intending Ne7+ and mate.} exd5 34. Rxd5 Qa3 35. Rd7 {Hoping for Rxf7!} Qc5 36. R1d5 Qf8 37. Qf4 Ra8 38. Bf3 Ra1+ 39. Kh2 f6 40. Rd8 (40. Re5 $142 Rd1 41. Rxd1) 40... Rxd8 41. Rxd8 {Bd5+ would kill now.} Re1 42. Bd5+ Kh8 43. Be4 {Precision: White = 71%, Black = 51%.} 1-0

[Event "10th Mumbai Mayors Cup 2017"]
[Site "Mumbai"]
[Date "2017.06.08"]
[Round "7"]
[White "Nitin, S."]
[Black "Sanjeev, Kumar"]
[Result "1-0"]
[WhiteElo "2427"]
[BlackElo "2076"]
[Annotator "TA"]
[PlyCount "75"]
[EventDate "2017.06.04"]
[EventType "swiss"]
[EventCountry "IND"]
[SourceTitle "playchess.com"]
[Source "ChessBase"]
[SourceQuality "1"]

{[%evp 23,75,26,62,48,56,56,97,66,62,-14,-12,-30,-20,0,25,31,38,35,39,36,59,25,32,29,42,13,26,20,34,36,41,0,0,23,31,3,35,-30,27,0,26,23,35,21,94,79,81,79,97,107,621,616,29988,29987]} 1. e4 c5 2. Nf3 d6 3. d4 cxd4 4. Nxd4 Nf6 5. Nc3 a6 6. Be3 e5 7. Nb3 Be7 8. h3 {B90: Sicilian Najdorf: Unusual White 6th moves, 6 Be3 Ng4 and 6 Be3 e5} (8. Qd2 Be6 9. O-O-O Nbd7 10. f4 exf4 11. Bxf4 Ne5 12. Nd4 O-O 13. g3 Qd7 14. Nf5 Bxf5 15. exf5 Qxf5 16. Bg2 Rac8 17. Kb1 Nc4 18. Qd3 Qa5 19. Nd5 Nxd5 20. Bxd5 {1-0 (43) Morozevich,A (2676)-Nepomniachtchi,I (2767) Doha 2016}) 8... Be6 9. f4 exf4 10. Bxf4 Nc6 11. Qe2 Ne5 12. O-O-O Qc7 {LiveBook: 22 Games} 13. Nd4 O-O 14. g4 Rfc8 $146 ({Predecessor:} 14... Rfe8 15. g5 Nfd7 16. Kb1 Rac8 17. Bc1 Qa5 18. Nd5 Bxd5 19. exd5 {1-0 (39) Pikula,D (2522)-Nenezic,M (2356) Belgrade 2012}) 15. Nxe6 fxe6 16. Bxe5 (16. h4 $14) 16... dxe5 $11 17. g5 Nd7 18. Qg4 Kh8 19. Qxe6 Bxg5+ 20. Kb1 Nf6 {[%cal Bd7f6,Bf6h5,Bh5f4][%mdl 32] Hoping for ...Nxe4!} 21. Bd3 Rf8 22. h4 Rae8 23. Qh3 Bh6 24. Rdf1 Nh5 25. Nd5 Qd6 26. Rd1 Qc6 27. Bf1 Rf2 28. Qd3 Nf4 29. Qb3 g6 30. Bh3 (30. Bc4 $14) 30... Rf8 ({Better is} 30... Ne2 $1) 31. a3 b5 32. h5 Nxh5 33. Bg4 a5 (33... Bg5 $11 {keeps the balance.}) 34. Bxh5 $16 gxh5 35. Rxh5 {Strongly threatening Ne7.} a4 36. Qc3 Rc8 $2 {[%mdl 8192] [#]} (36... Qxc3 $16 37. Nxc3 (37. bxc3 Rf1 $11) 37... Bd2) 37. Rxh6 $1 $18 {[%mdl 512]} Qe8 {[#]} (37... Qxh6 38. Qxc8+) 38. Rxh7+ $1 {[%mdl 512] Precision: White = 46%, Black = 20%.} 1-0

[Event "10th Mumbai Mayors Cup 2017"]
[Site "Mumbai"]
[Date "2017.06.08"]
[Round "7"]
[White "Khusenkhojaev, Muhammad"]
[Black "Grover, Sahaj"]
[Result "1/2-1/2"]
[WhiteElo "2424"]
[BlackElo "2485"]
[Annotator "TA"]
[PlyCount "125"]
[EventDate "2017.06.04"]
[EventType "swiss"]
[EventCountry "IND"]
[SourceTitle "playchess.com"]
[Source "ChessBase"]
[SourceQuality "1"]

{[%evp 13,125,-22,0,-14,-14,-15,-4,-12,-8,-15,4,0,34,31,55,-12,-10,-45,0,-11,-8,-37,-18,-73,-84,-63,-75,-75,-75,-85,-84,-83,-73,-85,-77,-85,-85,-91,-83,-80,-62,-62,-22,-31,-29,-23,-33,-50,-41,-63,-48,-67,-74,-74,-69,-77,-75,-73,-41,-42,-35,-45,-27,-56,-48,-69,-31,-62,-47,-60,-45,-68,-52,-51,-40,-36,-14,-21,-14,-30,-16,-11,0,-12,-15,-45,-8,-37,-8,-41,-8,-38,-23,-19,-8,-11,-11,-11,-16,-11,-8,-10,-8,-8,-8,-8,-8,-8,-8,-8,-8,-8,-8,-8]} 1. Nf3 c5 2. c4 Nc6 3. d4 cxd4 4. Nxd4 Nf6 5. Nc3 e6 6. g3 Qb6 7. Nf3 {A33: Symmetrical English: 2 Nf3 Nf6 3 d4 cxd4 4 Nxd4 e6 5 Nc3 Nc6} (7. Ndb5 Ne5 8. Bg2 a6 9. Na3 Bxa3 10. bxa3 Nxc4 11. O-O Qc5 12. Na4 Qb5 13. Nc3 Qc5 14. Na4 Qb5 15. Nc3 {½-½ (15) Grischuk,A (2750)-Svidler,P (2755) Moscow 2017}) 7... Bb4 {LiveBook: 3 Games} (7... d5 $5) 8. Be3 Bxc3+ $146 ({Predecessor:} 8... Bc5 9. Na4 Qa5+ 10. Bd2 Ne4 11. Nxc5 Qxc5 12. e3 b6 13. Rc1 Bb7 14. Bg2 Nb4 {1-0 (41) Melkumyan,H (2469)-Oleksienko,M (2587) Lvov 2007}) 9. bxc3 Qb2 10. Bg2 (10. Rc1 {with more complications.} Qxa2 11. Nd2 Qa5 12. Bg2 d6 13. O-O) 10... Qxc3+ 11. Nd2 $1 b6 12. O-O Bb7 13. Rc1 {[%mdl 1024] White has compensation.} Qa5 14. Nb3 (14. c5 $14) 14... Qh5 $11 ({Don't go for} 14... Qxa2 $2 15. Ra1 $18) 15. h3 (15. Bf3 $5 {[%cal Rf3h5]} Qh3 16. Bg2 $11) 15... Nd8 16. g4 Qe5 17. Bd4 Qc7 18. g5 (18. Bxb7 $11 {keeps the balance.} Qxb7 19. Nd2) 18... Bxg2 $17 19. Kxg2 Ne4 ({Of course not} 19... Nh5 $6 20. e3 $14) 20. Qd3 Qf4 21. Be3 Qh4 22. Qd4 {Hoping for Nd2.} Nc6 23. Qxg7 Ke7 24. Qh6 Qxh6 25. gxh6 Rhg8+ 26. Kh2 Rg6 27. Rg1 Nd6 28. Rxg6 hxg6 29. c5 Nf5 30. Bd2 Rh8 31. cxb6 axb6 32. Rb1 Nxh6 33. Nc1 Ng4+ 34. Kg2 Nge5 35. Rxb6 Nc4 36. Bb4+ $1 Kd8 37. Bc3 {Threatens to win with Rxc6.} Rh5 38. Bf6+ Kc7 39. Rb3 Rd5 40. Rd3 Rb5 41. Rc3 Nd6 42. Rb3 Rc5 43. Rc3 Rxc3 44. Bxc3 $15 {[%mdl 4096] Endgame KBN-KNN} Kb6 (44... Ne4 $5 {[%cal Re4c3]} 45. Bh8 e5 $15) 45. Kf3 Kc5 (45... Nb5 $5 {[%cal Rb5c3]} 46. Bg7 e5 $11) 46. Kf4 f5 (46... Kc4 $5 {[%cal Rc4c3]} 47. Ba1 Ne8 $11) 47. h4 Nf7 (47... Kc4 $5 {[%cal Rc4c3]} 48. Bg7 Nf7 $15) 48. Kg3 Kc4 49. Bf6 e5 (49... Nd6 $5 {[%cal Rd6e4]} 50. f3 e5 $15) 50. h5 gxh5 51. Kh4 Nd6 {...Ne4 is the strong threat.} 52. Kxh5 (52. f4 $5) 52... Ne4 53. Bh4 Nd4 {The position is equal.} 54. Kg6 f4 55. e3 fxe3 56. fxe3 Nc2 57. a4 Nxe3 {next ...Nc2 is good for Black.} 58. a5 {Black must now prevent a6.} Kb5 {With the idea ...Nd2.} (58... Nc5 {feels hotter.} 59. Bf2 Nd5 60. Bxc5 Kxc5 61. Kf5 Nb4) 59. Nd3 d6 {White should prevent ...Nd2.} 60. Be7 Nc4 {[#]} 61. a6 $1 {[%mdl 512]} Kxa6 {[#]} 62. Bxd6 $1 {[%mdl 512]} Nexd6 {[#]} (62... Ncxd6 63. Nxe5) 63. Nxe5 $1 {[%mdl 512] Precision: White = 57%, Black = 36%.} 1/2-1/2

[Event "10th Mumbai Mayors Cup 2017"]
[Site "Mumbai"]
[Date "2017.06.08"]
[Round "7"]
[White "Murshed, Niaz"]
[Black "Deviatkin, Andrei"]
[Result "1/2-1/2"]
[WhiteElo "2423"]
[BlackElo "2481"]
[Annotator "TA"]
[PlyCount "124"]
[EventDate "2017.06.04"]
[EventType "swiss"]
[EventCountry "IND"]
[SourceTitle "playchess.com"]
[Source "ChessBase"]
[SourceQuality "1"]

{[%evp 13,124,8,16,28,29,14,26,0,18,36,31,4,26,10,15,7,11,0,32,32,35,31,31,20,19,14,14,0,34,30,37,40,94,90,97,93,96,41,59,15,20,15,15,16,16,18,18,18,51,51,150,125,231,222,224,208,177,109,99,99,98,40,41,38,71,68,72,72,72,72,72,72,196,84,160,91,91,91,103,0,20,0,91,71,93,49,49,49,56,56,56,0,64,53,69,8,8,11,17,8,50,50,50,50,50,50,50,45,81,62,69,6,6]} 1. Nf3 d5 2. c4 c6 {[%cal Bc7c6,Bc6c5][%mdl 32]} 3. e3 Nf6 4. Nc3 a6 5. d4 e6 6. Qc2 c5 7. cxd5 exd5 8. Be2 {D45: Semi-Slav: 5 e3} Nc6 9. O-O Be6 (9... cxd4 10. Nxd4 Qc7 11. Nxc6 bxc6 12. b3 Bd6 13. h3 O-O 14. Bb2 Re8 15. Rac1 Bd7 {½-½ (36) Ragger,M (2688)-Mamedyarov,S (2735) Vienna 2015}) 10. Rd1 {White has an edge.} cxd4 11. Nxd4 Nxd4 12. exd4 (12. Rxd4 {with more complications.} Qc8 13. Bf3 Bd6 14. Qb3 Qc7 15. Nxd5 Bxh2+ 16. Kf1) 12... Be7 13. Qb3 b5 14. Bg5 Qd6 15. Bf3 Rd8 {[#]} 16. a4 $146 b4 17. Ne2 $36 {[%mdl 2048] Black is under pressure.} O-O 18. Bf4 Qd7 19. a5 Rc8 20. Bg5 Rc4 (20... h6 $5 {[%cal Rh6g5]} 21. Bd2 Rfe8 $15) 21. Nf4 h6 22. Nxe6 fxe6 (22... Qxe6 $14 23. Re1 Qd7) 23. Be3 $16 Rfc8 24. Be2 R4c6 25. h3 (25. Rdc1 $16) 25... Ne4 $14 26. Bd3 Nd6 27. Qxb4 Nc4 28. Qb3 Nxe3 29. fxe3 {[%cal Bf2e3,Be3e4,Be4d5][%mdl 32]} Qc7 30. Rf1 Rb8 31. Qd1 e5 (31... Qg3 $1 $14 32. Rf3 Qd6) 32. e4 exd4 (32... Qd7 $16 {was necessary.}) 33. exd5 $18 Rf6 34. Qg4 Rbf8 35. Rxf6 ({White should try} 35. Rfe1 $18) 35... Rxf6 $16 36. Re1 Bf8 37. Rf1 (37. Qxd4 $2 Bc5 $19) (37. Qe4 $16) 37... Rxf1+ $14 38. Bxf1 d3 39. Bxd3 {And now Qe6+ would win.} Qc1+ 40. Kh2 Bd6+ 41. g3 {[#] Threatens to win with Qe6+.} Qxb2+ 42. Be2 {Hoping for Qc8+.} Qa3 (42... Qf6 $16) 43. Kg2 (43. Bxa6 $18 {h4 is the strong threat.} Qe3 44. Bc4) 43... Kh8 (43... h5 $142 44. Qg6 Qe3 45. Qe6+ (45. Qxd6 Qxe2+ 46. Kg1 Qe1+ 47. Kh2 Qf2+ 48. Kh1 Qf3+ 49. Kg1 Qe3+ 50. Kh2 Qf2+ 51. Kh1 Qf3+ 52. Kh2 Qf2+ $11) (45. Bxa6 Qd2+ 46. Kf3 Qd1+ 47. Be2 Qh1+ 48. Ke3 Qc1+ 49. Ke4 Qh1+ 50. Kd4 Qg1+ 51. Kc4 Qc1+ 52. Kb3 Qa3+ 53. Kc2 Qa2+ 54. Kd1 Qa1+ 55. Kc2 Qa2+ 56. Kd1 Qa1+ 57. Kc2 Qa2+ $11) 45... Qxe6 46. dxe6 Kf8) 44. Qc8+ (44. h4 $142) 44... Kh7 $16 45. Qf5+ Kh8 46. Qc8+ ({Reject} 46. Bxa6 $6 Qxg3+ 47. Kf1 Bb4 $11) (46. Bd3 $16 {[%csl Gd3][%cal Rf5h7]} Kg8 47. Kf3 (47. Bxa6 Qxg3+ 48. Kf1 g6 $11)) 46... Kh7 $11 47. Qf5+ Kg8 (47... Kh8 $11 {remains equal.}) 48. Qe6+ Kh8 49. Qe8+ (49. Bxa6 {gets mated.} Qxg3+ 50. Kf1 Qf3+ 51. Kg1 Bc5+ 52. Qe3 Bxe3+ 53. Kh2 Qf2+ 54. Kh1 Qg1#) 49... Kh7 50. Qe4+ Kg8 51. Bd3 {Black must now prevent Qe8+.} Qb2+ 52. Be2 (52. Bc2 $14 Qe5 53. Qd3) 52... Qe5 (52... Qa3 $1 $11) 53. Qf3 Qa1 54. Bxa6 ({White should play} 54. Qe3 $14 Qe5 55. Qf3) 54... Qxa5 55. Be2 Qe1 56. Qe3 {[#] aiming for Qe8+.} Qb4 (56... g6 {looks sharper.} 57. Qf2 Qd2 58. Bf3 Qg5 59. Be4 Kg7) 57. Qe8+ Bf8 58. Qe6+ Kh8 59. h4 {[%cal Bh3h4,Bh4h5][%mdl 32]} Qe7 60. Qg4 g5 61. h5 Qe5 62. Bd3 ({Better is} 62. Qc4 $14) 62... Qxd5+ {Precision: White = 47%, Black = 45%.} 1/2-1/2

[Event "10th Mumbai Mayors Cup 2017"]
[Site "Mumbai"]
[Date "2017.06.08"]
[Round "7"]
[White "Krishna, Teja N"]
[Black "Chitlange, Sakshi"]
[Result "1-0"]
[WhiteElo "2406"]
[BlackElo "2096"]
[Annotator "TA"]
[PlyCount "109"]
[EventDate "2017.06.04"]
[EventType "swiss"]
[EventCountry "IND"]
[SourceTitle "playchess.com"]
[Source "ChessBase"]
[SourceQuality "1"]

{[%evp 27,109,51,47,23,25,6,16,0,0,0,0,-2,0,0,0,0,0,-10,-9,-7,-12,-15,6,0,20,27,96,100,109,87,89,90,89,91,94,39,88,89,82,64,84,64,78,59,87,68,79,66,77,71,127,97,99,97,89,89,92,93,95,113,271,273,264,254,250,238,466,433,764,741,437,77,1683,5715,5695,5706,5640,5569,3008,1697,6115,5126,5106,5097]} 1. d4 Nf6 2. c4 e6 3. Nf3 Bb4+ 4. Bd2 Qe7 5. g3 Nc6 6. Nc3 O-O 7. Bg2 Bxc3 8. Bxc3 Ne4 9. Rc1 {[%cal Ba1c1,Bc1c3,Bc3b3][%mdl 32]} d6 10. d5 Nxc3 11. Rxc3 Nb8 12. dxe6 fxe6 13. O-O Nc6 {E11: Bogo-Indian} (13... Nd7 14. Nd4 Nf6 15. Qd2 e5 16. Nc2 Be6 17. Ne3 Rab8 18. b4 a6 19. Nd5 Qd7 20. Rd1 Ng4 21. f3 Nh6 {½-½ (43) Markus,R (2662)-Popov,S (2447) Kragujevac 2016}) 14. Nd4 Bd7 {LiveBook: 16 Games} 15. Nc2 (15. c5 $5) 15... a5 {White has an edge.} 16. Rb3 $146 ({Predecessor:} 16. Qd2 a4 17. Rd1 Ra5 18. c5 Rxc5 19. Rxc5 dxc5 20. Qxd7 Rd8 21. Bxc6 Rxd7 22. Bxd7 {1-0 (37) Indjic,A (2494)-Nestorovic,D (2438) Vrnjacka Banja 2012}) 16... Rab8 17. Nd4 Nxd4 18. Qxd4 b6 19. Rc3 Qf6 (19... e5 $5 {[%cal Re5d4]} 20. Qd2 Kh8 $11) 20. Qd2 Qe5 21. b3 Qc5 22. Qe3 (22. Be4 {seems wilder.} Bc6 23. Bxc6 Qxc6 24. f3 Qc5+ 25. Kg2) 22... Qxe3 23. Rxe3 Kf7 24. a3 b5 25. c5 dxc5 26. Rc1 Ke7 (26... c4 $1 $11 {keeps the balance.}) 27. Rxc5 $16 Kd6 28. b4 {aiming for Rd3+.} (28. Rg5 {is interesting.} Rg8 29. Rd3+ Ke7 30. Rc5 Rgc8 31. Be4) 28... axb4 29. axb4 c6 30. f4 Kc7 31. Ra3 (31. Be4 $16) 31... Kb6 32. Be4 h6 33. Rd3 Rb7 34. Kf2 Ra7 35. Ke3 Rb8 36. Rcc3 Kc7 37. Bf3 Ra4 38. Rd4 Rb6 (38... Rg8 $142) 39. Ke4 Rba6 {[#]} 40. Rcd3 $1 Bc8 41. Ke5 $36 {[%mdl 2048] White has strong initiative.} Ra3 42. Bg4 Rxd3 43. Rxd3 {[%mdl 4096] Endgame KRB-KRB} ({Of course not} 43. exd3 Bd7 $14) 43... Ra2 $2 {[#]} (43... c5 $16) 44. e4 $1 $18 Rb2 45. Rd4 Rxh2 46. Bxe6 Rh5+ $2 (46... Rc2 47. Bxc8 Kxc8) 47. f5 Rg5 (47... Rh3 $142 48. Bxc8 Kxc8) 48. Bxc8 Kxc8 {KR-KR} 49. Rd3 $2 (49. Kf4 $18 Rh5 50. e5) 49... g6 $2 {[%mdl 8192]} (49... Rg4 $16) 50. Ke6 {Threatening mate with f6.White is clearly winning.} Rg4 51. Re3 {f6 would kill now.} gxf5 52. exf5 {[%cal Be4f5,Bf5f6][%mdl 32]} Rg8 53. Kf7 Rd8 54. f6 Kc7 55. Kg7 {Precision: White = 53%, Black = 45%.} 1-0

[Event "10th Mumbai Mayors Cup 2017"]
[Site "Mumbai"]
[Date "2017.06.08"]
[Round "7"]
[White "Iniyan, P."]
[Black "Ramakrishna, J."]
[Result "1-0"]
[WhiteElo "2392"]
[BlackElo "2157"]
[Annotator "TA"]
[PlyCount "77"]
[EventDate "2017.06.04"]
[EventType "swiss"]
[EventCountry "IND"]
[SourceTitle "playchess.com"]
[Source "ChessBase"]
[SourceQuality "1"]

{[%evp 23,77,35,54,52,63,62,74,74,67,85,73,74,89,86,73,10,10,10,10,10,10,10,9,10,9,8,119,114,105,113,114,109,112,106,116,109,112,112,120,119,120,128,128,127,168,122,141,133,158,163,167,152,179,153,349,63]} 1. d4 f5 2. c4 Nf6 3. Nf3 e6 4. g3 d5 5. Bg2 c6 6. O-O Bd6 7. b3 Qe7 8. Bb2 O-O 9. Nbd2 {[%cal Bb1d2,Bd2f3,Bf3e1,Be1d3][%mdl 32]} Bd7 10. Qc2 Be8 11. Ne5 Nbd7 12. Ndf3 Bh5 {LiveBook: 19 Games. A90: Dutch Defence: Miscellaneous and Modern Stonewall (with ...Bd6)} 13. Ne1 g5 14. N1d3 Ng4 {White is slightly better.} 15. Nxg4 $146 ({Predecessor:} 15. a4 a5 16. Nxg4 Bxg4 17. f3 Bh5 18. e4 fxe4 19. fxe4 dxe4 20. Bxe4 {1-0 (41) Arlandi,E (2470)-Sciortino,M (2205) Montecatini Terme 1997}) 15... Bxg4 16. f3 Bh5 {[#]} 17. e4 $1 fxe4 18. fxe4 Bg6 19. Qd2 ({White should try} 19. Rxf8+ $16 Rxf8 20. Re1) 19... dxe4 $11 20. Nf2 e5 $1 ({Much worse is} 20... Bb4 21. Qe3 $14) 21. Nxe4 Bxe4 22. Bxe4 {White wants to play d5.} exd4 23. Rfe1 $36 {[%mdl 2048] [#] Hoping for Bd5+! White has good play.} Qg7 24. Bxd4 Qxd4+ (24... Bc5 $11 {keeps the balance.} 25. Rad1 Qxd4+ 26. Qxd4 Bxd4+ 27. Rxd4 Nf6) 25. Qxd4 $16 Bc5 26. Bxh7+ $1 Kxh7 27. Re7+ $1 Kg6 28. Rg7+ Kh6 29. Rxd7 Bxd4+ 30. Rxd4 {[%mdl 4096] Endgame KRR-KRR} Rad8 31. Rad1 Rxd4 32. Rxd4 {KR-KR} Rf7 33. Kg2 Kh5 34. h3 Re7 35. Kf2 a5 36. Kf3 Rf7+ 37. Ke3 Kg6 38. Rd6+ Kf5 $2 (38... Kh5 $16 {was necessary.} 39. Ke2 Re7+ 40. Kf3 Rf7+ 41. Ke4 g4) 39. g4+ {Precision: White = 86%, Black = 33%.} 1-0